• 首页
  • 本馆介绍
  • 公告通知
  • 最新文献
  • 馆藏检索
  • 电子资源
  • 读者导购
  • 参考咨询
  • 我的图书馆
  • 登录
  • 详细信息显示
  • 放入我的书架
  • 预约/预借图书
  • 作者相关作品
  • 分类相关作品
  • 丛书相关作品
  • 出版社相关作品

书目信息

  • 表格格式
  • 工作单格式
  • 卡片格式
题名:
景观设计方法与分类改造
    
 
作者: 龙渡江 著
分册:  
出版信息: 北京   中国水利水电出版社  2020.7
页数: 198页
开本: 24cm
丛书名:
单 册:
中图分类: TU983
科图分类:
主题词: 景观设计--研究
电子资源:
ISBN: 978-7-5170-8655-0
000 00809nam0 2200229 45
001 012001000014
005 20140910111519.0
010    @a978-7-5170-8655-0@dCNY65.00
100    @a20201207d2020 em y0chiy50 ea
101 0  @achi
102    @aCN@b110000
105    @aab z 000yy
106    @ar
200 1  @a景观设计方法与分类改造@Ajing guan she ji fang fa yu fen lei gai zao@b专著@f龙渡江著
210    @a北京@c中国水利水电出版社@d2020.7
215    @a198页@c图,照片,地图@d24cm
330    @a本书共5章,在阐述景观设计理论的基础上,对景观设计的历史发展、景观设计的程序与方法、景观设计的细部内容、景观设计的分类与更新改造这几方面的内容进行研究。
606 0  @a景观设计@x研究
690    @aTU983@v5
701  0 @a龙渡江@Along du jiang@4著
801  0 @aCN@bBJSDL@c20211011
905    @b1330043-6@dTU983@e1809@f4
    
    景观设计方法与分类改造/龙渡江著.-北京:中国水利水电出版社,2020.7
    198页:图,照片,地图;24cm
    
    
    ISBN 978-7-5170-8655-0:CNY65.00
    本书共5章,在阐述景观设计理论的基础上,对景观设计的历史发展、景观设计的程序与方法、景观设计的细部内容、景观设计的分类与更新改造这几方面的内容进行研究。
●
相关链接 在E读中查询图书 在五车中查询图书 在当当中查询图书 在豆瓣中查询图书


正题名:景观设计方法与分类改造     索取号:TU983/1809         预约/预借

序号 登录号 条形码 馆藏地/架位号 状态 备注
1 1330043   213300435   第二样本阅览室/ [索取号:TU983/1809] 在馆    
2 1330044   213300444   第三借阅区/ [索取号:TU983/1809] 在馆    
3 1330045   213300453   第三借阅区/ [索取号:TU983/1809] 在馆    
4 1330046   213300462   第三借阅区/ [索取号:TU983/1809] 在馆    
唐山师范学院图书馆 欢迎您!
大连网信软件有限公司© 版权所有